| 000 | 00552nam a2200121Ia 4500 | ||
|---|---|---|---|
| 008 | 220620s9999||||xx |||||||||||||| ||und|| | ||
| 100 | _aBrewster, Scott||Parker, Michael | ||
| 245 | 0 |
_aIrish Literature Since 1990 _bDiverse Voices |
|
| 546 | _aEnglish[eng] | ||
| 650 | _aHistory||Ireland||Literature||Literary Criticism | ||
| 856 | _uhttps://library.oapen.org/bitstream/20.500.12657/31412/1/628396.pdf||https://library.oapen.org/bitstream/20.500.12657/31412/1/628396.pdf||https://library.oapen.org/bitstream/20.500.12657/31412/1/628396.pdf | ||
| 942 | _cEB | ||
| 999 |
_c22427 _d22427 |
||